000 00334nam a2200145 a 4500
008 970409s1965||||xx 0 und c
040 _aSNK
_bslo
_cSNK
_eAACR2
100 1 _aSerullaz, Maurice
245 1 0 _aImpresionizmus
260 _aBratislava
_bSVKL
_c1965
300 _a138 s.
020 _c13
041 _aslo
044 _axo
_cSK
999 _c14928
_d14928